00410cam a2200157ua 45000010005000000080039000050400009000440820010000531000032000632450054000952500009001492600030001583000017001886530022002056530025002273775120217n ii |||gr||||Z||||||asm cMAIN a491.3 aGoswami, Satyendra Narayan,11aPrakrit path manjusacby Satendra Narayan Goswami a1st. aDibrugarh:bBanalata,992. a167p:c23cm. aAssamese language aPrakrit path manjusa